[Event "Portueguese Mini Tournament II"]
[Site "SchemingMind.com"]
[Date "2008.01.26"]
[Round "-"]
[White "ramanujan"]
[Black "SLAINTIE MHATH"]
[Result "1-0"]
[WhiteCountry "IND"]
[BlackCountry "POL"]
[WhiteElo "1892"]
[WhiteRD "94"]
[BlackElo "1653"]
[BlackRD "49"]
[GameID "139169"]

1. e4 e5 2. Bb5 a6 3. Bc4 Bb4 4. c3 Bc5 5. d4 exd4 6. cxd4 Bb4+ 7. Bd2 Bxd2+ 8. Qxd2 Nf6 9. e5 Qe7 10. Nf3 d5
11. O-O Ne4 12. Qf4 c6 13. Bd3 h6 14. Bxe4 dxe4 15. Qxe4 Be6 16. Nc3 Nd7 17. d5 cxd5 18. Nxd5 Bxd5 19. Qxd5 Rd8 20. Rfe1 Nb6
21. Qb3 Qe6 22. Qxe6+ fxe6 23. Rac1 Na4 24. b3 Nb6 25. Rc7 O-O 26. Rxb7 Nd5 27. h3 Rf7 28. Rxf7 Kxf7 29. Rc1 Nf4 30. Rc7+ Kg6
31. Ra7 Rd1+ 32. Kh2 Kf5 33. Rxa6 Rf1 34. Rd6 Rxf2 35. Rd2 Rxd2 36. Nxd2 Kxe5 37. Kg3 g5 38. h4 gxh4+ 39. Kf2 h3 40. g3 Nd3+
41. Kg1 Kf5 42. a4 Kg4 43. Kh2 Nc5 44. a5 Na6 45. Nc4 h5 46. Ne5+ Kf5 47. Nc6 e5 48. Kxh3 e4 49. Kg2 Kg4 50. b4 e3
51. b5 Nc5 52. a6 Nd7 53. Ne5+ Nxe5 54. a7 h4 55. gxh4 Kf4 56. a8=Q e2 57. Kf2
1-0

[Event "Portueguese Mini Tournament II"]
[Site "SchemingMind.com"]
[Date "2008.01.26"]
[Round "-"]
[White "ramanujan"]
[Black "Aadsje"]
[Result "1-0"]
[WhiteCountry "IND"]
[BlackCountry "NED"]
[WhiteElo "1985"]
[WhiteRD "93"]
[BlackElo "2025"]
[BlackRD "66"]
[GameID "139170"]

1. e4 e5 2. Bb5 c6 3. Ba4 d5 4. exd5 Qxd5 5. Qf3 Nf6 6. Nc3 Qa5 7. h3 Nbd7 8. Bb3 Bd6 9. Nge2 Nc5 10. d3 Nxb3
11. cxb3 Be6 12. O-O O-O-O 13. Bd2 Bc7 14. Rfc1 Qa6 15. Na4 e4 16. Qe3 Rxd3 17. Qg5 Rd5 18. Qxg7 Rg8 19. Qxf6 Qxe2 20. Bf4 Rxg2+
21. Kxg2
1-0

[Event "Portueguese Mini Tournament II"]
[Site "SchemingMind.com"]
[Date "2008.01.27"]
[Round "-"]
[White "JPT"]
[Black "ramanujan"]
[Result "1-0"]
[WhiteCountry "INT"]
[BlackCountry "IND"]
[WhiteElo "1862"]
[WhiteRD "80"]
[BlackElo "1963"]
[BlackRD "96"]
[GameID "139171"]

1. e4 e5 2. Bb5 c6 3. Ba4 b5 4. Bb3 Nf6 5. Nf3 d6 6. d3 Be7 7. O-O O-O 8. Nc3 Nbd7 9. Bg5 Bb7 10. d4 b4
11. Na4 Nxe4 12. Bxe7 Qxe7 13. dxe5 Nxe5 14. Re1 Nf6 15. c3 Nd5 16. cxb4 Nxb4 17. Nc3 Rfe8 18. Nxe5 dxe5 19. a3 Rad8 20. Qe2 Nd5
21. Ne4 f5 22. Ng3 g6 23. Nf1 Kg7 24. Rad1 f4 25. Nd2 Nf6 26. f3 Nd5 27. Nc4 Qc5+ 28. Kh1 Ba6 29. Qe4 Bxc4 30. Rc1 Qb6
31. Qxc4 Rb8 32. Ba4 Ne3 33. Qxc6 Qxb2 34. Qd7+ Kh6 35. Qh3+ Kg5 36. g3 Re7 37. Rc6 fxg3 38. Qxg3+ Kh6 39. Rg1
1-0

[Event "Portueguese Mini Tournament II"]
[Site "SchemingMind.com"]
[Date "2008.01.27"]
[Round "-"]
[White "fjpv"]
[Black "ramanujan"]
[Result "1-0"]
[WhiteCountry "POR"]
[BlackCountry "IND"]
[WhiteElo "2294"]
[WhiteRD "89"]
[BlackElo "1895"]
[BlackRD "96"]
[GameID "139172"]

1. e4 e5 2. Bb5 c6 3. Ba4 Nf6 4. Nc3 b5 5. Bb3 b4 6. Na4 Nxe4 7. Nf3 d6 8. d3 Nf6 9. Nxe5 dxe5 10. O-O Bd6
11. Qf3 Qc7 12. Bg5 Nbd7 13. Qg3 O-O 14. Bh6 Ne8 15. Bg5 Kh8 16. Rfe1 h6 17. Qh4 Nef6 18. Be3 Bb7 19. c3 a5 20. Bxh6 gxh6
21. Qxh6+ Nh7 22. Re4 f5 23. Rh4 Nf6 24. Be6 Qg7 25. Bxf5 Qxh6 26. Rxh6 Rg8 27. Bxh7 Nxh7 28. Rxd6 Rad8 29. Rxd8 Rxd8 30. Re1 Kg7
31. Nc5 Bc8 32. Rxe5 Rd5 33. Rxd5 cxd5 34. cxb4 axb4 35. a4 bxa3 36. bxa3 Kf6 37. d4 Nf8 38. a4 Ne6 39. Nxe6 Kxe6 40. h3 Kd6
41. g4 Kc6 42. Kg2 Kb6 43. f4 Bd7 44. a5+ Kxa5 45. f5 Kb4 46. h4 Kc4 47. h5
1-0

[Event "Portueguese Mini Tournament II"]
[Site "SchemingMind.com"]
[Date "2008.01.27"]
[Round "-"]
[White "kifosi"]
[Black "ramanujan"]
[Result "1/2-1/2"]
[WhiteCountry "DEN"]
[BlackCountry "IND"]
[WhiteElo "1892"]
[WhiteRD "65"]
[BlackElo "1998"]
[BlackRD "93"]
[GameID "139173"]

1. e4 e5 2. Bb5 c6 3. Ba4 Nf6 4. Qe2 b5 5. Bb3 Bc5 6. d3 O-O 7. Nf3 d6 8. O-O Nbd7 9. Be3 Qe7 10. Nbd2 Bb7
11. a3 d5 12. exd5 cxd5 13. Bxc5 Qxc5 14. c3 Rfe8 15. Rfe1 Qd6 16. h3 e4 17. dxe4 Nxe4 18. Qd3 Ndc5 19. Qxb5 Ba6 20. Qa5 Rab8
21. Ba4 Re7 22. Nd4 Reb7 23. Nxe4 dxe4 24. b4 Nxa4 25. Qxa4 Bd3 26. Rac1 Rb6 27. Re3 Ra6 28. Qb3 Qf4 29. Rce1 Rf6 30. f3=
1/2-1/2

[Event "Portueguese Mini Tournament II"]
[Site "SchemingMind.com"]
[Date "2008.01.28"]
[Round "-"]
[White "javilez"]
[Black "ramanujan"]
[Result "0-1"]
[WhiteCountry "NCA"]
[BlackCountry "IND"]
[WhiteElo "1653"]
[WhiteRD "71"]
[BlackElo "1895"]
[BlackRD "96"]
[GameID "139174"]

1. e4 e5 2. Bb5 c6 3. Ba4 Nf6 4. d3 b5 5. Bb3 d5 6. exd5 cxd5 7. Nf3 Bd6 8. Bg5 Bb7 9. Nc3 O-O 10. Bxf6 gxf6
11. Bxd5 Bxd5 12. Nxd5 Bc5 13. Nc3 f5
0-1

[Event "Portueguese Mini Tournament II"]
[Site "SchemingMind.com"]
[Date "2008.01.26"]
[Round "-"]
[White "SLAINTIE MHATH"]
[Black "ramanujan"]
[Result "0-1"]
[WhiteCountry "POL"]
[BlackCountry "IND"]
[WhiteElo "1653"]
[WhiteRD "49"]
[BlackElo "1892"]
[BlackRD "94"]
[GameID "139175"]

1. e4 e5 2. Bb5 c6 3. Bc4 d5 4. exd5 cxd5 5. Bb5+ Bd7 6. Qe2 Nf6 7. Bxd7+ Nbxd7 8. d3 Bc5 9. Nh3 O-O 10. a3 Re8
11. c3 d4 12. c4 e4 13. O-O Ne5 14. dxe4 d3 15. Qe1 Nxc4 16. Qc3 b5 17. Bg5 Nxe4 18. Bxd8 Nxc3 19. bxc3 Raxd8 20. Ra2 d2
21. Nxd2 Nxd2 22. Rc1 Re2 23. Rd1 Rde8 24. g3 Nf3+ 25. Kg2 Rxa2 26. Kxf3 f6 27. Rd5 Re5 28. Rd8+ Kf7 29. Rd7+ Kg6 30. Nf4+ Kh6
31. Nh3 Rf5+ 32. Kg4 g6 33. f4 Rxh2 34. Rd3 Rh5 35. Rf3 f5#
0-1

[Event "Portueguese Mini Tournament II"]
[Site "SchemingMind.com"]
[Date "2008.01.27"]
[Round "-"]
[White "Aadsje"]
[Black "ramanujan"]
[Result "0-1"]
[WhiteCountry "NED"]
[BlackCountry "IND"]
[WhiteElo "2025"]
[WhiteRD "66"]
[BlackElo "1985"]
[BlackRD "93"]
[GameID "139176"]

1. e4 e5 2. Bb5 c6 3. Bd3 d5 4. Nc3 d4 5. Nce2 c5 6. Bb5+ Bd7 7. Bxd7+ Qxd7 8. Nf3 Bd6 9. d3 Nc6 10. O-O Nge7
11. c3 h6 12. Bd2 g5 13. Ng3 Bc7 14. cxd4 cxd4 15. b4 f5 16. b5 Nd8 17. exf5 Nxf5 18. Re1 Nf7 19. Nxf5 Qxf5 20. Nxd4 Qd7
21. Rc1 O-O
0-1